| 000 | 01149cam a2200229 4500 | ||
|---|---|---|---|
| 001 | ##L134612 | ||
| 008 | 060818n2006 000 0 eng u | ||
| 035 | _a(Sirsi) u134612 | ||
| 041 | 0 | _aeng | |
| 050 | 0 | 4 | _a333.33016 $2 18 |
| 110 | 2 |
_aJones Lang LaSalle _93755 |
|
| 245 | 0 | 0 |
_aJLL 50 centres office rents _bfirst quarter 2006 |
| 260 |
_aLondon _bJLL _c2006 |
||
| 490 | 0 |
_aJLL 50 Centres Office Rents _vfirst quarter 2006 |
|
| 520 | _aReports that across the UK, achieved rents have increased by 1.3% over the last six months compared to -0.7% in the same period last year. This provides clear evidence of a recovery in the office market. This report provides comparisons of the prime office rents achieved and rental levels currently achievable in the major towns and cities of England, Wales and Scotland. Tables and graphs. | ||
| 590 | _aIKA220806 NTK | ||
| 650 | 2 | 4 | _aJLL 50 CENTRES OFFICE RENTS |
| 651 | 4 | _aGREAT BRITAIN | |
| 690 | _aPROPERTY-COMMERCIAL PROPERTY-OFFICE PROPERTY | ||
| 856 | 4 | 0 |
_uhttps://www.joneslanglasalle.co.uk/ _zView the item free of charge (registration required) at www.joneslanglasalle.co.uk... |
| 942 | _n0 | ||
| 999 |
_c105746 _d105746 |
||